| 000 | 00530nam a2200181 4500 | ||
|---|---|---|---|
| 005 | 20260506112620.0 | ||
| 008 | 260506b |||||||| |||| 00| 0 eng d | ||
| 020 |
_a9780198262589 _qhbk |
||
| 041 | _aeng | ||
| 082 | _a341.0973 JAN | ||
| 100 | _aJanis,Mark Weston | ||
| 245 |
_aThe American Tradition of International Law: _bGreat Expectations 1789-1914 _cMark Weston Janis |
||
| 260 |
_aNew York _bOxford University Press _c2004 |
||
| 300 |
_a156p. : _c22cm |
||
| 504 | _aindex | ||
| 650 | _aLaw of nations | ||
| 942 | _cENGLISH | ||
| 999 |
_c622616 _d622616 |
||